La historia: desde abajo y desde dentro

I tiakina i:
Ngā taipitopito rārangi puna kōrero
Kaituhi matua: Salazar Vergara, Gabriel Segundo (autor)
Hōputu: Pukapuka
Reo:Pāniora
I whakaputaina: Santiago Universidad de Chile 2003
Putanga:1a. ed
Rangatū:Teoría, 7
Ngā marau:
Ngā Tūtohu: Tāpirihia he Tūtohu
Kāore He Tūtohu, Me noho koe te mea tuatahi ki te tūtohu i tēnei pūkete!

MARC

LEADER 00000nam a2200000 a 4500
001 UCG1232
003 CL-VaPUC
008 100429e20030000CL |||||||||||||||||spa|d
020 |a 9789561904057 
082 0 4 |a 901  |b SAL  |2 21 
100 |a Salazar Vergara, Gabriel Segundo  |e autor  |9 621733 
245 1 3 |a La historia: desde abajo y desde dentro 
250 |a 1a. ed 
300 |a 431 p 
942 |c BK 
945 |d 20100429 00:00:00  |a rbrito 
260 |a Santiago  |b Universidad de Chile  |c 2003 
650 0 |a Filosofía de la historia  |9 265651 
650 0 |a Teoría de la historia  |9 317951 
650 0 |a Enseñanza de la historia   |9 307330 
583 |a last modification  |c 20130709 09:12:49  |k Rodrigo Vera 
490 0 |a Teoría, 7 
999 |c 340640  |d 340638 
952 |0 0  |1 0  |4 0  |6 901_000000000000000_SAL_2003  |7 0  |8 A  |9 435547  |a BIBART  |b BIBART  |d 2019-11-22  |i 466518K  |o 901 SAL 2003  |p 466518K  |r 2025-03-13  |w 2019-11-22  |y BK  |k ART